Japan : Art and civilization

Nearly even country in Asia can boast of a more or less distant time in its history when it was the center of a great civilization. Japan, on the other hand, has the distinction of never having ceased to be one. This very continuity of a highly developed culture over so long a period makes it imposs...

全面介绍

Đã lưu trong:
书目详细资料
主要作者: Frédéric, Louis
格式: 图书
语言:Undetermined
出版: New York Harry N. Abrams 1969
主题:
标签: 添加标签
没有标签, 成为第一个标记此记录!
Thư viện lưu trữ: Trung tâm Học liệu Trường Đại học Cần Thơ
LEADER 01035nam a2200205Ia 4500
001 CTU_104636
008 210402s9999 xx 000 0 und d
082 |a 700.952 
082 |b F852 
100 |a Frédéric, Louis 
245 0 |a Japan : 
245 0 |b Art and civilization 
245 0 |c Louis Frédéric 
260 |a New York 
260 |b Harry N. Abrams 
260 |c 1969 
520 |a Nearly even country in Asia can boast of a more or less distant time in its history when it was the center of a great civilization. Japan, on the other hand, has the distinction of never having ceased to be one. This very continuity of a highly developed culture over so long a period makes it impossible, in any serious approach to the subject, to separate the evolution of Japanese art from that of the Japanese people and of their thought. 
650 |a Art, Japanese,Art and history,Mỹ thuật, Nhật Bản,Nghệ thuật và lịch sử 
904 |i Minh 
980 |a Trung tâm Học liệu Trường Đại học Cần Thơ